|
|
|
|
| LEADER |
00000nam0a2200000 4500 |
| 001 |
43482 |
| 005 |
20231101210823.0 |
| 035 |
|
|
|a (RuTPU)RU\TPU\book\44965
|
| 090 |
|
|
|a 43482
|
| 100 |
|
|
|a 20021010d1977 km y0rusy50 ca
|
| 101 |
0 |
|
|a rus
|
| 102 |
|
|
|a RU
|
| 105 |
|
|
|a a z 001zy
|
| 200 |
1 |
|
|a Физика плазмы солнечной атмосферы
|f С. А. Каплан, С. Б. Пикельнер, В. Н. Цытович
|
| 210 |
|
|
|a Москва
|c Наука
|d 1977
|
| 215 |
|
|
|a 255 с.
|c ил.
|
| 225 |
1 |
|
|a Современные проблемы физики
|
| 320 |
|
|
|a Библиогр.: с. 228-255
|
| 606 |
|
|
|a Плазма
|x Физика
|2 stltpush
|3 (RuTPU)RU\TPU\subj\48885
|9 67703
|
| 606 |
|
|
|a Солнечная атмосфера
|2 stltpush
|3 (RuTPU)RU\TPU\subj\55492
|9 73514
|
| 610 |
1 |
|
|a физика
|
| 610 |
1 |
|
|a динамические явления
|
| 610 |
1 |
|
|a магнитная структура
|
| 610 |
1 |
|
|a нагрев
|
| 610 |
1 |
|
|a солнечная конвекция
|
| 610 |
1 |
|
|a солнечные вспышки
|
| 610 |
1 |
|
|a хромосфера
|
| 610 |
1 |
|
|a корональные дыры
|
| 610 |
1 |
|
|a короны
|
| 610 |
1 |
|
|a радиоизлучение
|
| 675 |
|
|
|a 533.9
|v 3
|
| 675 |
|
|
|a 523.9
|v 3
|
| 700 |
|
1 |
|a Каплан
|b С. А.
|g Самуил Аронович
|
| 701 |
|
1 |
|a Пикельнер
|b С. Б.
|g Соломон Борисович
|
| 701 |
|
1 |
|a Цытович
|b В. Н.
|g Вадим Николаевич
|
| 801 |
|
1 |
|a RU
|b 63413507
|c 20021010
|g PSBO
|
| 801 |
|
2 |
|a RU
|b 63413507
|c 20161005
|g PSBO
|
| 942 |
|
|
|c BK
|